Statistics for Capitals of Southern Africa

Click here to take the quiz!

General Stats

  • This quiz has been taken 15 times
  • The average score is 11 of 14

Answer Stats

Capitals% Correct
Bloemfontein/Cape Town/Pretoria
100%
Windhoek
100%
Harare
93%
Maputo
93%
Luanda
87%
Lusaka
87%
Maseru
87%
Gaborone
80%
Mbabane
80%
Lilongwe
73%
Moroni
73%
Port Louis
73%
Victoria
67%
Antananaivo
13%

Score Distribution

Percentile by Number Answered

Percent of People with Each Score

Your Score History

You have not taken this quiz